STATISTICS FOR PEOPLE WHO THINK THEY HAT (Record no. 27489)

MARC details
000 -LEADER
fixed length control field 00369nam a2200145Ia 4500
008 - FIXED-LENGTH DATA ELEMENTS--GENERAL INFORMATION
fixed length control field 240624s9999 xx 000 0 und d
041 ## - LANGUAGE CODE
Language code of text/sound track or separate title eng
082 ## - DEWEY DECIMAL CLASSIFICATION NUMBER
Classification number 519.5 SAL
100 ## - MAIN ENTRY--PERSONAL NAME
Personal name SALKIND NEIL J
245 ## - TITLE STATEMENT
Title STATISTICS FOR PEOPLE WHO THINK THEY HAT
250 ## - EDITION STATEMENT
Edition statement (5th ed.)
260 ## - PUBLICATION, DISTRIBUTION, ETC.
Date of publication, distribution, etc. 2014
Place of publication, distribution, etc. London
Name of publisher, distributor, etc. Sage
300 ## - PHYSICAL DESCRIPTION
Extent xxvii, : 483 : p. : cm. ; 25
365 ## - TRADE PRICE
Currency code
Price amount 38
Holdings
Withdrawn status Lost status Damaged status Not for loan Home library Current library Shelving location Date acquired Source of acquisition Cost, normal purchase price Total Checkouts Full call number Barcode Date last seen Date last checked out Copy number Price effective from Koha item type
        IMTN IMTN Rack 19-A 05/02/2016 AP 82.00 1 519.5 SAL 27489 10/07/2024 08/17/2024 70.7 06/24/2024 Books
Designed & Maintained by: LRC IMT Nagpur Contact: lrc@imtnag.ac.in© 2024. All Rights Reserved.